Спонтанная кристаллизация переохлажденных жидкостей. Зарождение кристаллов в жидкостях и аморфных твердых телах

Bibliografiske detaljer
Hovedforfatter: Скрипов В. П. Владимир Павлович
Andre forfattere: Коверда В. П. Владимир Петрович
Sprog:russisk
Udgivet: Москва, Наука, 1984
Fag:
Format: MixedMaterials Bog
KOHA link:https://koha.lib.tpu.ru/cgi-bin/koha/opac-detail.pl?biblionumber=105781

MARC

LEADER 00000nam0a2200000 4500
001 105781
005 20231031114624.0
035 |a (RuTPU)RU\TPU\book\114141 
090 |a 105781 
100 |a 20061121d1984 km y0rusy50 ca 
101 0 |a rus 
102 |a RU 
105 |a a z 001zy 
200 1 |a Спонтанная кристаллизация переохлажденных жидкостей. Зарождение кристаллов в жидкостях и аморфных твердых телах  |f В. П. Скрипов, В. П. Коверда 
210 |a Москва  |c Наука  |d 1984 
215 |a 232 с.  |c ил. 
320 |a Литература: с. 212-227. 
610 1 |a кристаллизация 
610 1 |a переохлаждения 
610 1 |a жидкость 
610 1 |a твердые тела 
610 1 |a методы исследования 
610 1 |a структура 
610 1 |a фазовое равновесие 
610 1 |a малые частицы 
610 1 |a кинетика 
610 1 |a зародышеобразование 
610 1 |a стеклование 
610 1 |a плавление 
675 |a 532.7  |v 3 
700 1 |a Скрипов  |b В. П.  |g Владимир Павлович 
701 1 |a Коверда  |b В. П.  |g Владимир Петрович 
801 1 |a RU  |b 63413507  |c 20061121  |g PSBO 
801 2 |a RU  |b 63413507  |c 20150522  |g PSBO 
942 |c BK